| 000 | 00753cam a2200205 i 4500 | ||
|---|---|---|---|
| 005 | 20251108165840.0 | ||
| 008 | 250721s1999 ua a gr 000 0 ara d | ||
| 020 | _a9772820765 | ||
| 082 | 1 | 4 |
_a005.1 _bع د و |
| 100 | 1 | _aالعدوي، محمد إبراهيم | |
| 245 | 1 | 0 |
_aالمعالجات الدقيقة : _bالبرمجة...والمواجهة...والتطبيق / _cا.د. محمد ابراهيم العدوى. |
| 250 | _aالطبعة الاولى. | ||
| 264 | 3 | 1 |
_aالقاهرة : _bدار الدولية للإستثمار، _c1999. |
| 300 | _a455 صفحة. | ||
| 650 | 1 | 7 | _aبرامج الحاسوب. |
| 650 | 1 | 7 | _aمعالجات البرامج |
| 650 | 1 | 7 | _aالحواسيب. |
| 942 |
_2ddc _cBK |
||
| 999 |
_c32875 _d32875 |
||